00434 a2200121 450000500170000002000220001708200140003924500520005326000650010530000510017070000380022185600530025920250506114632.0 a978-1-78294-690-8 a650.076  aGCSE Edexcel Business: For the Grade 9-1 Course aNewcastle,bCoordination Group Publications Ltd (CGP),c2017 a90p.: ill.; picture,bglossary & index,c29cm. aEd. by BURROWS, C [et al....] yAccess Online BookfBusinessdwww.cgpbooks.co.uk